Flexible Fertigungssysteme Entscheidungsunterstützung für Konfiguration und Betrieb

Saved in:
Bibliographic Details
Main Author: Tempelmeier, Horst
Other Authors: Kuhn, Heinrich
Format: Book
Language:German
Published: Berlin Springer 1993
Edition:1. Aufl.
Subjects:
Tags: Add Tag
No Tags, Be the first to tag this record!

MARC

LEADER 00000nam a2200000 4500
001 c005772
005 20221206074452.3
020 |a 3-540-56905-7 
041 0 |a ger 
044 |a DE 
245 1 0 |a Flexible Fertigungssysteme  |b Entscheidungsunterstützung für Konfiguration und Betrieb  |c Horst Tempelmeier, Heinrich Kuhn 
250 |a 1. Aufl. 
264 1 |a Berlin  |b Springer  |c 1993 
300 |a 516 s. 
610 2 0 |a systémy výrobné 
610 2 0 |a podnik 
610 2 0 |a plánovanie 
610 2 0 |a modely 
610 2 0 |a simulácia 
610 2 0 |a optimalizácia 
610 2 0 |a výkony podnikové 
610 2 0 |a výroba 
100 1 |a Tempelmeier, Horst 
700 1 |a Kuhn, Heinrich